BALES, Kevin. — Disposable People. New Slavery in the Global Economy. Berkeley, University Press of California, 2004 [1999], xiv + 298 p. (notice n° 1583508)
[ vue normale ]
| 000 -LEADER | |
|---|---|
| fixed length control field | 00594cam a2200145 4500500 |
| 005 - DATE AND TIME OF LATEST TRANSACTION | |
| control field | 20251228052420.0 |
| 041 ## - LANGUAGE CODE | |
| Language code of text/sound track or separate title | fre |
| 042 ## - AUTHENTICATION CODE | |
| Authentication code | dc |
| 100 10 - MAIN ENTRY--PERSONAL NAME | |
| Personal name | Morice, Alain |
| Relator term | author |
| 245 00 - TITLE STATEMENT | |
| Title | BALES, Kevin. — Disposable People. New Slavery in the Global Economy. Berkeley, University Press of California, 2004 [1999], xiv + 298 p. |
| 260 ## - PUBLICATION, DISTRIBUTION, ETC. | |
| Date of publication, distribution, etc. | 2005.<br/> |
| 500 ## - GENERAL NOTE | |
| General note | 57 |
| 786 0# - DATA SOURCE ENTRY | |
| Note | Cahiers d'études africaines | 179-180 | 3 | 2005-10-01 | p. 1179a-1208a | 0008-0055 |
| 856 41 - ELECTRONIC LOCATION AND ACCESS | |
| Uniform Resource Identifier | <a href="https://shs.cairn.info/revue-cahiers-d-etudes-africaines-2005-3-page-1179a?lang=fr&redirect-ssocas=7080">https://shs.cairn.info/revue-cahiers-d-etudes-africaines-2005-3-page-1179a?lang=fr&redirect-ssocas=7080</a> |
Pas d'exemplaire disponible.




Réseaux sociaux